Представление документа в формате MARC21

Поле Инд. ПП Название Значение
Тип записи a
Библиографический уровень m
001 Контрольный номер 040ae9a1c4b048e38cd7b6f12d690cf6
005 Дата корректировки 20230518121820.6
008 Кодируемые данные 230518s1988 ru |||||||||||000|||rus|d
040 a Служба первич. каталог. ЦГБ г. В. Луки
b Код языка каталог. rus
041 0_ a Код языка текста rus
084 2 Источник индекса rubbk
a Индекс другой классификации/Индекс ББК 65.8
090 x Авторский знак С 83
j Имя библиотеки ЦГБ г. В. Луки
097 b Оператор КЕИ-р
245 10 a Заглавие Страны СЭВ. Прямые связи между хозяйственными организациями
260 a Место издания Москва
b Издательство Экономика
c Дата издания 1988
300 a Объем 151 с.
650 14 a Основная рубрика Экономика
653 1_ a Ключевые слова экономика
901 t Тип документа m